ბათუმის შოთა რუსთაველის სახელმწიფო უნივერსიტეტის ბიბლიოთეკა

Schaum's Outline of Strength of Materials / (ბიბ.ჩანაწერი № 57505)

000 -LEADER
fixed length control field 00560nam a22001937a 4500
005 - DATE AND TIME OF LATEST TRANSACTION
control field 20200629145615.0
008 - FIXED-LENGTH DATA ELEMENTS--GENERAL INFORMATION
fixed length control field 200629s2020 eng||||| |||| 00| 0 enk d
020 ## - INTERNATIONAL STANDARD BOOK NUMBER
International Standard Book Number 9781260456547
041 ## - LANGUAGE CODE
Language code of text/sound track or separate title eng
080 ## - UNIVERSAL DECIMAL CLASSIFICATION NUMBER
Universal Decimal Classification number 620.1 P-87
100 ## - MAIN ENTRY--PERSONAL NAME
Personal name Potter, Merle
9 (RLIN) 8894
245 ## - TITLE STATEMENT
Title Schaum's Outline of Strength of Materials /
Statement of responsibility, etc. Potter Merle.
250 ## - EDITION STATEMENT
Edition statement Seventh Edition
264 ## - PRODUCTION, PUBLICATION, DISTRIBUTION, MANUFACTURE, AND COPYRIGHT NOTICE
Place of production, publication, distribution, manufacture New York,
Date of production, publication, distribution, manufacture, or copyright notice 2020.
300 ## - PHYSICAL DESCRIPTION
Extent 287 p.
Other physical details 30 cm
653 ## - INDEX TERM--UNCONTROLLED
keyword ინჟინერია
653 ## - INDEX TERM--UNCONTROLLED
keyword მასალების სიძლერე
942 ## - ADDED ENTRY ELEMENTS (KOHA)
Source of classification or shelving scheme
Koha item type წიგნი
ეგზემპლარები
Withdrawn status Lost status Source of classification or shelving scheme Damaged status Not for loan Permanent Location Current Location Shelving location Date acquired Cost, normal purchase price Full call number Barcode Date last seen Copy number Price effective from Koha item type Public note
          ბათუმის შოთა რუსთაველის სახელმწიფო უნივერსიტეტის მთავარი ბიბლიოთეკა ბათუმის შოთა რუსთაველის სახელმწიფო უნივერსიტეტის მთავარი ბიბლიოთეკა წიგნსაცავი 2020-06-29 69.00 620.1 P-87 60702 2020-06-29 60702 2020-06-29 წიგნი 69 ლ.